[Event "Hannibal Online op U10"]
[Site "Chess.com INT"]
[Date "2020.06.07"]
[Round "7"]
[White "Balaban, Victor Gabriel"]
[Black "Sofineti, David Andrei"]
[Result "1-0"]
[WhiteElo "1058"]
[BlackElo "1205"]
[PlyCount "87"]
[EventDate "2020.06.01"]
[EventType "swiss"]
[EventRounds "9"]
[EventCountry "MDA"]
[SourceTitle "CBM 196 Extra"]
[Source "ChessBase"]
[SourceDate "2020.07.31"]
[SourceVersion "1"]
[SourceVersionDate "2020.07.31"]
[SourceQuality "1"]

1. e4 e5 2. Nf3 d6 3. Bc4 Be7 4. 0-0 Nf6 5. Nc3 0-0 6. h3 Nc6 7. d3 Bd7 8. Qe2 h6 9. Be3 a6 10. a4 Nh7 11. Nd5 Rc8 12. Rfd1 Bf6 13. c3 Ne7 14. b4 Nxd5 15. Bxd5 c6 16. Bb3 Ng5 17. Nxg5 Bxg5 18. Qd2 Bxe3 19. Qxe3 Re8 20. Qf3 Be6 21. Bxe6 Rxe6 22. c4 Rf6 23. Qe2 Qd7 24. Qg4 Qxg4 25. hxg4 Kf8 26. f3 g5 27. Kf2 Ke7 28. d4 exd4 29. Rxd4 Ra8 30. c5 Rd8 31. Rad1 Re6 32. Kg3 Rf6 33. e5 Re6 34. Rxd6 Rdxd6 35. exd6+ Kd7 36. Rd4 Rf6 37. Re4 Re6 38. Rxe6 Kxe6 39. f4 f6 40. fxg5 hxg5 41. Kf3 Kd7 42. Ke4 Ke6 43. g3 a5 44. bxa5 1-0

[Event "ROM-ch U10"]
[Site "Calimanesti Caciulata"]
[Date "2019.04.17"]
[Round "4"]
[White "Sofineti, David Andrei"]
[Black "Dragos, Filip"]
[Result "1/2-1/2"]
[WhiteElo "1079"]
[BlackElo "1132"]
[PlyCount "32"]
[EventDate "2019.04.15"]
[EventType "swiss"]
[EventRounds "9"]
[EventCountry "ROU"]
[SourceTitle "CBM 190 Extra"]
[Source "ChessBase"]
[SourceDate "2019.07.15"]
[SourceVersion "1"]
[SourceVersionDate "2019.07.15"]
[SourceQuality "1"]

1. e4 c5 2. d3 Nc6 3. Nc3 e6 4. Bd2 Nf6 5. Nf3 d5 6. exd5 exd5 7. Bg5 Be6 8. d4 b6 9. Be2 Bd6 10. h3 0-0 11. 0-0 a6 12. a3 h6 13. Be3 Qe7 14. Re1 Rfd8 15. dxc5 bxc5 16. Na2 Rab8 1/2-1/2